000 00613nam a2200193Ia 4500
008 151121s9999||||xx |||||||||||||| ||und||
082 _a920/जागीर
082 _bHNW-34168
100 _aजागीरदार गजानन
245 _aसंध्याकाळ
260 _b"राजहंस प्रकाशन, पुणे।"
260 _c--
300 _a116
600 _aजागीरदार गजानन
630 _aसंध्याकाळ
700 _aजागीरदार गजानन
730 _aसंध्याकाळ
942 _cBOOK
999 _c1227202
_d1227199